<?xml version="1.0" encoding="UTF-8"?><?xml-stylesheet type="text/xsl" href="static/style.xsl"?><OAI-PMH xmlns="http://www.openarchives.org/OAI/2.0/" xmlns:xsi="http://www.w3.org/2001/XMLSchema-instance" xsi:schemaLocation="http://www.openarchives.org/OAI/2.0/ http://www.openarchives.org/OAI/2.0/OAI-PMH.xsd"><responseDate>2026-06-06T00:49:23Z</responseDate><request verb="GetRecord" identifier="oai:riuma.uma.es:10630/26317" metadataPrefix="marc">https://riuma.uma.es/rest/oai/request</request><GetRecord><record><header><identifier>oai:riuma.uma.es:10630/26317</identifier><datestamp>2026-02-03T11:34:48Z</datestamp><setSpec>com_10630_2254</setSpec><setSpec>col_10630_37953</setSpec></header><metadata><record xmlns="http://www.loc.gov/MARC21/slim" xmlns:dcterms="http://purl.org/dc/terms/" xmlns:doc="http://www.lyncode.com/xoai" xmlns:xsi="http://www.w3.org/2001/XMLSchema-instance" xsi:schemaLocation="http://www.loc.gov/MARC21/slim http://www.loc.gov/standards/marcxml/schema/MARC21slim.xsd">
   <leader>00925njm 22002777a 4500</leader>
   <datafield ind2=" " ind1=" " tag="042">
      <subfield code="a">dc</subfield>
   </datafield>
   <datafield ind2=" " ind1=" " tag="720">
      <subfield code="a">Dučić, Tanja</subfield>
      <subfield code="e">author</subfield>
   </datafield>
   <datafield ind2=" " ind1=" " tag="720">
      <subfield code="a">Sánchez-Mata, Alicia</subfield>
      <subfield code="e">author</subfield>
   </datafield>
   <datafield ind2=" " ind1=" " tag="720">
      <subfield code="a">Castillo-Sánchez, Jesús</subfield>
      <subfield code="e">author</subfield>
   </datafield>
   <datafield ind2=" " ind1=" " tag="720">
      <subfield code="a">Algarra-González, Manuel</subfield>
      <subfield code="e">author</subfield>
   </datafield>
   <datafield ind2=" " ind1=" " tag="720">
      <subfield code="a">González-Muñoz, María Elena</subfield>
      <subfield code="e">author</subfield>
   </datafield>
   <datafield ind2=" " ind1=" " tag="260">
      <subfield code="c">2023</subfield>
   </datafield>
   <datafield ind2=" " ind1=" " tag="520">
      <subfield code="a">The reprogramming of human somatic cells to induced pluripotent cells (iPSCs) has become a milestone and a paradigm shift in the field of regenerative medicine and human disease modeling including drug testing and genome editing. However, the molecular processes occurring during reprogramming and affecting the pluripotent state acquired remain largely unknown. Of interest, different pluripotent states have been described depending on the reprogramming factors used and the oocyte has emerged as a valuable source of information for candidate factors. The present study investigates the molecular changes occurring in somatic cells during reprogramming with either canonical (OSK) or oocyte-based (AOX15) combinations using synchrotron-radiation Fourier transform infrared (SR FTIR) spectroscopy. The data acquired by SR FTIR indicates different representation and conformation of biological relevant macromolecules (lipids, nucleic acids, carbohydrates and proteins)&#xd;
depending on the reprogramming combination used and at different stages during the reprogramming process. Association analysis based on cells spectra suggest that pluripotency acquisition trajectories converge at late intermediate stages while they diverge at early stages. Our results suggest that OSK and AOX15 reprogramming operates through differential mechanisms affecting nucleic acids reorganization and day 10 comes out as a candidate hinge point to further study the molecular pathways involved in the reprogramming process. This study indicates that SR FTIR approach contribute unpaired information to distinguish pluripotent states and to decipher pluripotency acquisition roadmaps and landmarks that will enable advanced biomedical applications of iPSCs.</subfield>
   </datafield>
   <datafield ind1="8" ind2=" " tag="024">
      <subfield code="a">Tanja Dučić, Alicia Sanchez-Mata, Jesus Castillo-Sanchez, Manuel Algarra, Elena Gonzalez-Munoz, Monitoring oocyte-based human pluripotency acquisition using synchrotron-based FTIR microspectroscopy reveals specific biomolecular trajectories, Spectrochimica Acta Part A: Molecular and Biomolecular Spectroscopy, Volume 297, 2023, 122713, ISSN 1386-1425, https://doi.org/10.1016/j.saa.2023.122713. (https://www.sciencedirect.com/science/article/pii/S1386142523003980)</subfield>
   </datafield>
   <datafield ind1="8" ind2=" " tag="024">
      <subfield code="a">https://hdl.handle.net/10630/26317</subfield>
   </datafield>
   <datafield ind1="8" ind2=" " tag="024">
      <subfield code="a">10.1016/j.saa.2023.122713</subfield>
   </datafield>
   <datafield tag="653" ind2=" " ind1=" ">
      <subfield code="a">Medicina regenerativa</subfield>
   </datafield>
   <datafield tag="653" ind2=" " ind1=" ">
      <subfield code="a">Células - Transformación</subfield>
   </datafield>
   <datafield tag="653" ind2=" " ind1=" ">
      <subfield code="a">Células somáticas</subfield>
   </datafield>
   <datafield ind2="0" ind1="0" tag="245">
      <subfield code="a">Monitoring oocyte-based human pluripotency acquisition using synchrotron-based FTIR microspectroscopy reveals specific biomolecular trajectories</subfield>
   </datafield>
</record>
</metadata></record></GetRecord></OAI-PMH>